Sustaining the future (Record no. 71579)

MARC details
000 -LEADER
fixed length control field 01425cam a2200217 4500
001 - CONTROL NUMBER
control field ABS66148
008 - FIXED-LENGTH DATA ELEMENTS--GENERAL INFORMATION
fixed length control field 021118n2002 000 0 eng u
035 ## - SYSTEM CONTROL NUMBER
System control number (Sirsi) u120492
100 ## - MAIN ENTRY--PERSONAL NAME
Personal name Elliot, C
245 ## - TITLE STATEMENT
Title Sustaining the future
260 ## - PUBLICATION, DISTRIBUTION, ETC.
Date of publication, distribution, etc. 2002
490 ## - SERIES STATEMENT
Series statement Building Engineer
Volume/sequential designation (77) November 2002, 16-17(2)
520 ## - SUMMARY, ETC.
Summary, etc. Discusses the need to introduce new technology for surface water drainage in the form of Sustainable Drainage Systems (SUDS). Mentions the numerous advantages of this system which include the reduction in the risk of flooding downstream of a development and the improvement of water quality. Argues that many of the possible barriers to such a development are in fact misconceptions. The most significant of these is arguably the issue of future system maintenance which may require a different mix of skills but will not necessarily increase the maintenance workload. CIRIA have developed two projects which deal with the technical and management issues of SUDS. SUDS tehcniques will provide a Technical Note targeted at designers and planners and including information and guidance on the hydraulic, structural and water quality issues.
590 ## - LOCAL NOTE (RLIN)
Local note ABS
650 ## - SUBJECT ADDED ENTRY--TOPICAL TERM
Topical term or geographic name entry element SUSTAINABLE URBAN DRAINAGE SYSTEMS
650 ## - SUBJECT ADDED ENTRY--TOPICAL TERM
Topical term or geographic name entry element PPG25
650 ## - SUBJECT ADDED ENTRY--TOPICAL TERM
Topical term or geographic name entry element CONSTRUCTION INDUSTRY
650 ## - SUBJECT ADDED ENTRY--TOPICAL TERM
Topical term or geographic name entry element TECHNICAL GUIDANCE
690 ## - LOCAL SUBJECT ADDED ENTRY--TOPICAL TERM (OCLC, RLIN)
Topical term or geographic name as entry element ENVIRONMENTAL AND LAND CONSULTANCY-ENVIRONMENTAL MANAGEMENT
942 ## - ADDED ENTRY ELEMENTS (KOHA)
Suppress in OPAC 0
Holdings
Withdrawn status Lost status Source of classification or shelving scheme Damaged status Not for loan Home library Current library Shelving location Date acquired Total Checkouts Full call number Barcode Date last seen Copy number Price effective from Koha item type
    Dewey Decimal Classification     London London Journal article 18/11/2002   ABS66148 120492-1001 06/08/2019 1 06/08/2019 Journal article